Online Catalogue and eLibrary

The Women's movement in China : (Record no. 103)

MARC details
000 -LEADER
fixed length control field 00533cam a2200181 i 4500
001 - CONTROL NUMBER
control field 805822
005 - DATE AND TIME OF LATEST TRANSACTION
control field 20231130051502.0
008 - FIXED-LENGTH DATA ELEMENTS--GENERAL INFORMATION
fixed length control field 760305s1974 enk b 000 0 eng
020 ## - INTERNATIONAL STANDARD BOOK NUMBER
ISBN 0903193051 :
040 ## - CATALOGING SOURCE (பட்டியலாக்க மூலம்)
Original cataloging agency DLC
Transcribing agency DLC
Modifying agency DLC
082 00 - DDC Classification
Class No. 301.4.
DDC Edition Number 22
245 04 - TITLE STATEMENT
Title The Women's movement in China :
Remainder of title a selection of readings, 1949-1973 /
Statement of responsibility, etc. edited by Elisabeth Croll.
260 ## - PUBLICATION, DISTRIBUTION, ETC.
Place of publication, distribution, etc. London :
Name of publisher, distributor, etc. Anglo-Chinese Educational Institute,
Date of publication, distribution, etc. 1974.
300 ## - PHYSICAL DESCRIPTION
Extent (e.g. Volumes, Pages etc.) IX, 118 p. ;
650 #0 - SUBJECT ADDED ENTRY--TOPICAL TERM
Topical term or geographic name entry element Feminism
700 1# - ADDED ENTRY--PERSONAL NAME
Personal name Croll, Elisabeth,
Relator term (Role) Editor
942 ## - Koha item type (Biblio)
Koha item type Books in Stacks (Lending)
Holdings
Lost status Damaged status Collection code Home library Current library Date acquired Full call number Accession Number Item type
    Lending WERC Library WERC Library 11/30/2023 301.4. 93 Books in Stacks (Lending)

© WERC Library